| 000 | 00475cam a2200181ua 4500 | ||
|---|---|---|---|
| 020 |
_a81 203 1152 3 _c150.00 |
||
| 041 |
_aeng _h |
||
| 082 |
_a004.16 _bKRA/CO |
||
| 100 | _aKraynak, Joe . | ||
| 245 |
_aComplete IDIOT`s guide to PCs / _cJoe Kraynak. _hTextual Documents |
||
| 250 |
_a4 / _b. |
||
| 260 |
_aNew Delhi : _bPrentice Hall of India Pvt Ltd. , _c1997. |
||
| 300 | _a383 ; . | ||
| 365 | _a150.00 | ||
| 504 | _a | ||
| 942 | _cBK | ||
| 999 |
_c9571 _d9571 |
||